Statistics for Largest Army Sizes By Country

Click here to take the quiz!

General Stats

  • This quiz has been taken 62 times
  • The average score is 23 of 30

Answer Stats

PlaceNumber of Active Military Personnel (2022)Country% Correct
1.2,035,000China
98%
2.1,460,350India
98%
5.900,000Russia
98%
3.1,395,350United States
95%
12.366,500Brazil
93%
21.203,250France
93%
8.555,000South Korea
93%
26.183,400Germany
92%
4.1,280,000North Korea
92%
6.651,800Pakistan
90%
7.610,000Iran
89%
25.193,000Iraq
87%
23.196,600Ukraine
87%
11.395,500Indonesia
85%
15.355,200Turkey
85%
27.169,500Israel
84%
19.247,150Japan
84%
20.216,000Mexico
84%
10.438,500Egypt
80%
16.257,000Saudi Arabia
74%
9.482,000Vietnam
74%
13.360,850Thailand
66%
30.165,000Afghanistan
64%
17.255,950Colombia
61%
29.169,000Taiwan
56%
24.195,800Morocco
54%
28.169,000Syria
54%
14.356,000Myanmar
52%
18.255,000Sri Lanka
36%
22.201,750Eritrea
25%

Score Distribution

Percentile by Number Answered

Percent of People with Each Score

Your Score History

You have not taken this quiz